000 00375nam a2200157Ia 4500
005 20250317160740.0
008 240331s9999 xx 000 0 und d
020 _a978955095015
082 _bJES
_a894
100 _aJestin,G
245 0 _aVetrilai ninaivukal
260 _aColombo
_bPuravalar puththaka poonga
_c2009
300 _aX, 68 p .,
650 _apoems
942 _cL
999 _c5123
_d5123